[Event "55th World U20 ch"]
[Site "Bhubaneswar IND"]
[Date "2016.08.09"]
[Round "2.15"]
[White "Barath Kalyan, M."]
[Black "Visakh, N. R."]
[Result "0-1"]
[WhiteElo "2197"]
[BlackElo "2431"]
[EventDate "2016.08.08"]
[PlyCount "74"]

1.c4 d6 2.Nc3 e5 3.g3 g6 4.Bg2 Bg7 5.d3 Ne7 6.e4 O-O 7.Nge2 f5 8.O-O fxe4 
9.dxe4 Be6 10.b3 Nd7 11.Be3 Nf6 12.h3 c5 13.f4 exf4 14.Bxf4 Nh5 15.Bxd6 
Rxf1+ 16.Bxf1 Nc6 17.g4 Nd4 18.e5 Qg5 19.Qc1 Qh4 20.gxh5 Nf3+ 21.Kh1 Bxh3 
22.Qf4 Bg4+ 23.Kg2 Qxh5 24.Nd5 Nxe5 25.Nf6+ Bxf6 26.Qxf6 Bh3+ 27.Kg1 Qg4+ 
28.Kh1 Qe4+ 29.Kg1 Qe3+ 30.Kh1 Qe4+ 31.Kg1 Qg4+ 32.Kh1 Nf3 33.Bh2 Nxh2 34.
Kxh2 Rf8 35.Qe5 Rf2+ 36.Kh1 Rxf1+ 37.Rxf1 Qg2# 0-1

[Event "55th World U20 ch"]
[Site "Bhubaneswar IND"]
[Date "2016.08.09"]
[Round "2.16"]
[White "Maghsoodloo, Parham"]
[Black "Nyamdorj, Davaaochir"]
[Result "1-0"]
[WhiteElo "2576"]
[BlackElo "2015"]
[EventDate "2016.08.08"]
[PlyCount "89"]

1.Nf3 Nf6 2.g3 d5 3.Bg2 g6 4.O-O Bg7 5.c4 c6 6.d4 O-O 7.Qb3 dxc4 8.Qxc4 
Be6 9.Qc2 Bf5 10.Qb3 Qb6 11.Nc3 Na6 12.Bf4 Nb4 13.Be5 Nbd5 14.Nd2 Be6 15.
Na4 Qxb3 16.Nxb3 Rad8 17.Nac5 Bc8 18.e4 Nb6 19.Na5 Ng4 20.Bxg7 Kxg7 21.
Rad1 Nd7 22.Ncxb7 Bxb7 23.Nxb7 Rb8 24.Na5 Rxb2 25.Nxc6 Rc8 26.Rc1 Rxa2 27.
h3 Ngf6 28.e5 Ng8 29.Ra1 Rxa1 30.Rxa1 e6 31.Rxa7 Nb6 32.f4 h5 33.Rb7 Nd5 
34.Bxd5 exd5 35.Nb4 Kf8 36.Nxd5 Rd8 37.Nc7 Rxd4 38.Rb8+ Kg7 39.Ne8+ Kh7 
40.Rb7 Rd1+ 41.Kf2 Nh6 42.e6 Rd2+ 43.Ke1 Rd3 44.Ke2 Rd8 45.Nf6+ 1-0

[Event "55th World U20 ch"]
[Site "Bhubaneswar IND"]
[Date "2016.08.09"]
[Round "2.17"]
[White "Henriquez Villagra, Cristobal"]
[Black "Rydstrom, Tom"]
[Result "1-0"]
[WhiteElo "2520"]
[BlackElo "2315"]
[EventDate "2016.08.08"]
[PlyCount "49"]

1.d4 Nf6 2.c4 e6 3.Nf3 d5 4.e3 c5 5.Nc3 Nc6 6.a3 a6 7.dxc5 Bxc5 8.b4 Be7 
9.Bb2 dxc4 10.Bxc4 b5 11.Bd3 Bb7 12.O-O O-O 13.Qe2 Bd6 14.Rad1 Qe7 15.Ne4 
Nxe4 16.Bxe4 f5 17.Bb1 Rae8 18.e4 Bb8 19.Rfe1 Qf7 20.Bc3 Qh5 21.h3 Kh8 22.
Qb2 Qh6 23.exf5 exf5 24.Rd7 Rxe1+ 25.Nxe1 1-0

[Event "55th World U20 ch"]
[Site "Bhubaneswar IND"]
[Date "2016.08.09"]
[Round "2.18"]
[White "Studer, Noel"]
[Black "Gajwa, Ankit"]
[Result "0-1"]
[WhiteElo "2477"]
[BlackElo "2282"]
[EventDate "2016.08.08"]
[PlyCount "88"]

1.d4 Nf6 2.c4 g6 3.Nc3 Bg7 4.e4 d6 5.Nf3 O-O 6.Be2 e5 7.O-O Nc6 8.d5 Ne7 
9.Nd2 a5 10.a3 Nd7 11.Rb1 f5 12.b4 Kh8 13.f3 Ng8 14.Qc2 Ngf6 15.Bd3 f4 16.
Bb2 g5 17.Nb3 a4 18.Nd2 g4 19.Nxa4 Rg8 20.c5 Nf8 21.Nc4 Bd7 22.Nc3 g3 23.
h3 Ng6 24.a4 Nh4 25.cxd6 cxd6 26.Nb5 Bxb5 27.axb5 h6 28.Rbc1 Rc8 29.Qa4 
Ra8 30.Qc2 Rc8 31.b6 Nh7 32.Qa4 Ng5 33.Qb5 Nxh3+ 34.gxh3 g2 35.Rf2 Bf6 36.
Rcc2 Rg3 37.Nxd6 Rxc2 38.Nf7+ Kh7 39.Bxc2 Qc8 40.Ba4 Qxh3 41.Ng5+ hxg5 42.
Qd7+ Qxd7 43.Bxd7 Bd8 44.Bf5+ Kh6 0-1

[Event "55th World U20 ch"]
[Site "Bhubaneswar IND"]
[Date "2016.08.09"]
[Round "2.19"]
[White "Rakesh, Kumar Jena"]
[Black "Basso, Pierluigi"]
[Result "1-0"]
[WhiteElo "2161"]
[BlackElo "2455"]
[EventDate "2016.08.08"]
[PlyCount "63"]

1.e4 c6 2.Ne2 d5 3.e5 c5 4.d4 Bg4 5.f3 Bf5 6.dxc5 e6 7.Nd4 Bxc5 8.Bb5+ Kf8
9.Be3 Qb6 10.Nc3 a6 11.Be2 Nc6 12.Na4 Qa5+ 13.c3 Bxd4 14.Bxd4 Nxd4 15.Qxd4
Ne7 16.Nb6 Nc6 17.Qf2 Rd8 18.O-O d4 19.Nc4 Qd5 20.cxd4 Nxd4 21.Rfd1 Nxe2+ 
22.Qxe2 Bd3 23.Qe3 Qxc4 24.Rac1 Qb5 25.Rc3 Ke7 26.Rb3 Qc4 27.Rbxd3 h6 28.
Rd6 Qb4 29.a3 Qb5 30.Qd4 Rde8 31.Rb6 Rd8 32.Rxb5 1-0

[Event "55th World U20 ch"]
[Site "Bhubaneswar IND"]
[Date "2016.08.09"]
[Round "2.20"]
[White "Nasuta, Grzegorz"]
[Black "Ritviz Bhiva, Parab"]
[Result "1-0"]
[WhiteElo "2442"]
[BlackElo "2259"]
[EventDate "2016.08.08"]
[PlyCount "73"]

1.e4 e5 2.Nf3 Nc6 3.Bb5 a6 4.Ba4 Nf6 5.O-O Be7 6.d3 b5 7.Bb3 d6 8.a3 O-O 
9.Nc3 Na5 10.Ba2 c5 11.b4 Nc6 12.Nd5 Be6 13.c3 a5 14.bxc5 dxc5 15.Nxf6+ 
Bxf6 16.Bxe6 fxe6 17.Qb3 Qb6 18.Qxe6+ Kh8 19.Rb1 Rad8 20.Rd1 b4 21.axb4 
cxb4 22.cxb4 axb4 23.Be3 Qb5 24.Rdc1 Nd4 25.Bxd4 exd4 26.Qc4 Rb8 27.Qxb5 
Rxb5 28.Rb3 Ra8 29.g3 h6 30.Rc4 Ra3 31.Rbxb4 Rxb4 32.Rxb4 Rxd3 33.Kg2 g5 
34.e5 Bg7 35.Rb8+ Kh7 36.e6 Bf6 37.e7 1-0

[Event "55th World U20 ch"]
[Site "Bhubaneswar IND"]
[Date "2016.08.09"]
[Round "2.21"]
[White "Mousavi, Seyed Khalil"]
[Black "Shailesh, Dravid"]
[Result "1-0"]
[WhiteElo "2422"]
[BlackElo "2224"]
[EventDate "2016.08.08"]
[PlyCount "94"]

1.c4 e6 2.Nf3 Nf6 3.g3 b6 4.Bg2 Bb7 5.Nc3 c5 6.d4 cxd4 7.Qxd4 Be7 8.O-O 
Nc6 9.Qf4 Qb8 10.Qxb8+ Rxb8 11.Bf4 Rd8 12.Nb5 O-O 13.Bd6 a6 14.Bxe7 Nxe7 
15.Nd6 Bc6 16.Ne5 Ne8 17.Rad1 Nxd6 18.Rxd6 Nc8 19.Nxc6 Nxd6 20.Nxd8 Rxd8 
21.Rd1 Nxc4 22.b3 Ne5 23.Rd6 Rb8 24.f4 Ng6 25.Rxd7 a5 26.Kf2 Kf8 27.Ke3 
Ne7 28.Be4 h5 29.Kd4 Ke8 30.Rd6 Rd8 31.Ke5 Rb8 32.Bd3 Nd5 33.f5 Nc7 34.
fxe6 Nxe6 35.Bb5+ Kf8 36.Rd7 Rc8 37.Bc4 Nd8 38.Bd5 Ke8 39.Kd6 Rc5 40.e4 
Rc8 41.Re7+ Kf8 42.Kd7 Rc7+ 43.Kxc7 Kxe7 44.a4 g5 45.Kxb6 Kd6 46.Kxa5 f5 
47.exf5 Kxd5 1-0

[Event "55th World U20 ch"]
[Site "Bhubaneswar IND"]
[Date "2016.08.09"]
[Round "2.22"]
[White "Bersamina, Paulo"]
[Black "Taalaibekov, Tagir"]
[Result "1-0"]
[WhiteElo "2402"]
[BlackElo "2182"]
[EventDate "2016.08.08"]
[PlyCount "59"]

1.e4 c5 2.Nc3 e6 3.f4 d5 4.Nf3 Nf6 5.Bb5+ Nc6 6.e5 Nd7 7.Bxc6 bxc6 8.d3 
Ba6 9.O-O Be7 10.Qe2 g6 11.Nd1 c4 12.d4 c5 13.c3 cxd4 14.Nxd4 Qb6 15.Be3 
Nc5 16.Kh1 h5 17.Nf2 Qb7 18.Qc2 Rb8 19.Rfb1 Qd7 20.b4 Na4 21.b5 Bxb5 22.
Bc1 a6 23.Qxa4 Bxa4 24.Rxb8+ Bd8 25.Ba3 f6 26.Rab1 fxe5 27.fxe5 Rh7 28.Nh3
Qa7 29.Nxe6 Rd7 30.Rf1 1-0

[Event "55th World U20 ch"]
[Site "Bhubaneswar IND"]
[Date "2016.08.09"]
[Round "2.23"]
[White "Chakravarthi Reddy, M."]
[Black "Martins, David Pires Tavares"]
[Result "1-0"]
[WhiteElo "2228"]
[BlackElo "2402"]
[EventDate "2016.08.08"]
[PlyCount "55"]

1.d4 e6 2.c4 f5 3.Nc3 Nf6 4.Bg5 Bb4 5.f3 h6 6.Bh4 O-O 7.e3 d6 8.Qc2 c5 9.
O-O-O cxd4 10.exd4 Bd7 11.Bd3 Nc6 12.Nge2 Bxc3 13.Qxc3 Rc8 14.Kb1 Qb6 15.
c5 Qc7 16.Bg3 Ne8 17.d5 exd5 18.Nf4 Ne7 19.Rhe1 Qd8 20.cxd6 Ng6 21.Qd4 
Nxf4 22.Bxf4 Nf6 23.Re7 Qa5 24.Be5 Rcd8 25.Qf4 Qa4 26.Qxa4 Bxa4 27.Rc1 Bc6
28.Bxf5 1-0

[Event "55th World U20 ch"]
[Site "Bhubaneswar IND"]
[Date "2016.08.09"]
[Round "2.24"]
[White "Rajdeep, Sarkar"]
[Black "Thogersen, Rasmus"]
[Result "1-0"]
[WhiteElo "2351"]
[BlackElo "2171"]
[EventDate "2016.08.08"]
[PlyCount "81"]

1.Nf3 Nf6 2.g3 g6 3.Bg2 Bg7 4.O-O O-O 5.d4 d5 6.c4 c6 7.Nbd2 Bf5 8.b3 Ne4 
9.Bb2 Qa5 10.Qc1 Nd7 11.Rd1 Bh6 12.e3 Ndf6 13.Nxe4 Bxe4 14.Ne5 Bxg2 15.
Kxg2 Rfd8 16.b4 Qa4 17.Rd3 Nd7 18.Nxd7 Rxd7 19.Rb3 e6 20.Qc3 Bf8 21.c5 Qb5
22.a4 Qe2 23.b5 h5 24.h3 Bg7 25.Re1 Qc4 26.Qxc4 dxc4 27.Rb4 e5 28.Rxc4 
exd4 29.Bxd4 Rad8 30.bxc6 bxc6 31.Bxg7 Kxg7 32.Rb1 Rd5 33.a5 Rf5 34.g4 
hxg4 35.hxg4 Rg5 36.Rb7 a6 37.Rc7 Rdd5 38.Rxc6 f5 39.Rxa6 fxg4 40.c6 g3 
41.fxg3 1-0

[Event "55th World U20 ch"]
[Site "Bhubaneswar IND"]
[Date "2016.08.09"]
[Round "2.25"]
[White "Akash, Ganesan"]
[Black "Dassanayake, D. M. G. S."]
[Result "1-0"]
[WhiteElo "2400"]
[BlackElo "1859"]
[EventDate "2016.08.08"]
[PlyCount "61"]

1.e4 c5 2.Nf3 Nc6 3.d4 cxd4 4.Nxd4 e5 5.Nb5 d6 6.N1c3 a6 7.Na3 b5 8.Nd5 
Nge7 9.c4 Nd4 10.Bd3 Nxd5 11.exd5 Be7 12.cxb5 O-O 13.O-O Bf6 14.Be3 Bb7 
15.bxa6 Bxa6 16.Bxd4 exd4 17.Nc4 Bb7 18.a4 Bxd5 19.Qh5 Be4 20.Bxe4 g6 21.
Qf3 Rc8 22.Bd5 Be5 23.a5 Rc7 24.a6 Ra7 25.b4 d3 26.Nxe5 dxe5 27.Qxd3 Qb6 
28.b5 Rd8 29.Qc4 Rc7 30.Bc6 Rd4 31.Qe2 1-0

[Event "55th World U20 ch"]
[Site "Bhubaneswar IND"]
[Date "2016.08.09"]
[Round "2.26"]
[White "Fan Huifeng"]
[Black "Lorparizangeneh, Shahin"]
[Result "0-1"]
[WhiteElo "2223"]
[BlackElo "2478"]
[EventDate "2016.08.08"]
[PlyCount "122"]

1.e4 e5 2.Nf3 Nc6 3.Bb5 a6 4.Ba4 Nf6 5.O-O Be7 6.Re1 b5 7.Bb3 d6 8.c3 O-O 
9.h3 Nb8 10.d4 Nbd7 11.Nbd2 Bb7 12.Bc2 Re8 13.Nf1 Bf8 14.Ng3 g6 15.a4 c5 
16.d5 c4 17.Bg5 Nc5 18.axb5 axb5 19.Rxa8 Bxa8 20.Qd2 Be7 21.Bh6 Nfd7 22.h4
Nf6 23.Nh2 Kh8 24.Be3 h5 25.Bxc5 dxc5 26.Nf3 Qd6 27.Ra1 Bb7 28.Ra5 Ra8 29.
Rxa8+ Bxa8 30.Qc1 Bb7 31.Nf1 Ng4 32.Ng5 Kg7 33.Bd1 Bc8 34.Qa1 Nf6 35.Ne3 
Ne8 36.Be2 Qd8 37.Nf3 Nd6 38.Nxe5 Bxh4 39.Qb1 Qe7 40.Nf3 Nxe4 41.Nxh4 Qxh4
42.Qe1 Qf4 43.Bf3 Ng5 44.Bd1 h4 45.Nf1 h3 46.g3 Qf3 47.Ne3 Bb7 48.Qd2 Qf6 
49.Qe2 Ne4 50.Ng4 Qf5 51.f3 Nxg3 52.Qd2 h2+ 53.Qxh2 Qf4 54.Qf2 Nf5 55.Bc2 
Bxd5 56.Bxf5 Qxf5 57.Qxc5 Qxf3 58.Qd4+ f6 59.Ne3 Be4 60.Qd7+ Kh6 61.Qd2 
Qg3+ 0-1

[Event "55th World U20 ch"]
[Site "Bhubaneswar IND"]
[Date "2016.08.09"]
[Round "2.27"]
[White "Lokander, Martin"]
[Black "Srijit, Paul"]
[Result "0-1"]
[WhiteElo "2365"]
[BlackElo "2217"]
[EventDate "2016.08.08"]
[PlyCount "84"]

1.d4 f5 2.c4 Nf6 3.Nc3 d6 4.Bg5 Nbd7 5.Qc2 g6 6.O-O-O Bg7 7.h4 c6 8.Nh3 
Nf8 9.e3 Qa5 10.Be2 Ne6 11.Nf4 Nxf4 12.exf4 h6 13.Bxf6 Bxf6 14.h5 g5 15.
fxg5 Bxg5+ 16.Kb1 Bd7 17.Bd3 O-O-O 18.d5 Rhf8 19.Ne2 cxd5 20.cxd5+ Kb8 21.
Qb3 Rc8 22.f4 Bf6 23.Rc1 Ba4 24.Qa3 Qxd5 25.Qxa4 Qxd3+ 26.Rc2 Rxc2 27.Qxc2
Qxc2+ 28.Kxc2 Rc8+ 29.Kb3 Rc5 30.Nc3 d5 31.Rd1 e6 32.Re1 Rc6 33.g4 d4 34.
Ne2 fxg4 35.Rg1 d3 36.Nc3 Bxc3 37.bxc3 Rd6 38.Kb2 d2 39.Kc2 g3 40.Kd1 Rd3 
41.Rh1 Rxc3 42.Kxd2 g2 0-1

[Event "55th World U20 ch"]
[Site "Bhubaneswar IND"]
[Date "2016.08.09"]
[Round "2.28"]
[White "Viennot, Dylan"]
[Black "Squella Lavin, Carlos Felipe"]
[Result "1-0"]
[WhiteElo "2342"]
[BlackElo "2203"]
[EventDate "2016.08.08"]
[PlyCount "77"]

1.e4 e6 2.d4 d5 3.Nd2 Be7 4.c3 c5 5.e5 Nc6 6.Bd3 cxd4 7.cxd4 Qb6 8.Ndf3 
Bb4+ 9.Kf1 Bd7 10.Ne2 Be7 11.a3 a5 12.Be3 Nh6 13.Nc3 Ng4 14.Qc2 f5 15.h3 
Nxe3+ 16.fxe3 Rc8 17.g4 f4 18.Rd1 fxe3 19.Kg2 Rf8 20.Bxh7 Rxf3 21.Kxf3 
Nxd4+ 22.Rxd4 Qxd4 23.Qg6+ Kd8 24.Re1 Qxe5 25.Rxe3 Qh2 26.Qxg7 Rc4 27.Qh6 
d4 28.Re4 Bc6 29.Qxe6 Qxh3+ 30.Ke2 Bxe4 31.Bxe4 Qe3+ 32.Kd1 Qg1+ 33.Kc2 
Rc5 34.Qb6+ Rc7 35.Kb3 Qe3 36.Ka2 Qf4 37.Nd5 Qd6 38.Qxa5 d3 39.Bf5 1-0

[Event "55th World U20 ch"]
[Site "Bhubaneswar IND"]
[Date "2016.08.09"]
[Round "2.30"]
[White "Grandadam, Patrik"]
[Black "Papakonstantinou, Dimitrios"]
[Result "1-0"]
[WhiteElo "2325"]
[BlackElo "2180"]
[EventDate "2016.08.08"]
[PlyCount "99"]

1.Nf3 Nf6 2.c4 g6 3.Nc3 Bg7 4.e4 d6 5.d4 O-O 6.Be2 Na6 7.O-O e5 8.Be3 Ng4 
9.Bg5 Qe8 10.dxe5 dxe5 11.h3 h6 12.Bd2 Nf6 13.Qc1 Kh7 14.Be3 b6 15.Nd2 Bb7
16.a3 Nc5 17.Bxc5 bxc5 18.Nd5 Qd8 19.Rd1 c6 20.Nc3 Qe7 21.Nb3 Rad8 22.Qe3 
Rd4 23.Qf3 Nd7 24.Na4 f5 25.Nxd4 cxd4 26.Qb3 Ba6 27.Bd3 c5 28.Re1 Qg5 29.
Qc2 Bb7 30.b4 fxe4 31.Bxe4 Bxe4 32.Qxe4 cxb4 33.axb4 Qd2 34.Rf1 Qxb4 35.
Qd5 Qe7 36.Rfe1 Re8 37.Qb7 a5 38.c5 Nf6 39.Qxe7 Rxe7 40.Nb6 e4 41.Rxa5 Rc7
42.Ra4 d3 43.Rc4 Rc6 44.Rd1 h5 45.Na4 Bh6 46.Kf1 h4 47.Nc3 d2 48.Nxe4 Nxe4
49.Rxe4 Rxc5 50.Rxh4 1-0

[Event "55th World U20 ch"]
[Site "Bhubaneswar IND"]
[Date "2016.08.09"]
[Round "2.31"]
[White "Karthik, Venkataraman"]
[Black "Holleland, Sigve"]
[Result "1-0"]
[WhiteElo "2305"]
[BlackElo "2106"]
[EventDate "2016.08.08"]
[PlyCount "41"]

1.d4 Nf6 2.c4 e6 3.Nc3 Bb4 4.Nf3 d6 5.Qc2 c5 6.dxc5 dxc5 7.a3 Qa5 8.Bd2 
Nbd7 9.g4 Nxg4 10.Rd1 Bxc3 11.Bxc3 Qc7 12.Rg1 Nge5 13.Nxe5 Nxe5 14.Rxg7 
Nxc4 15.Bf6 Qa5+ 16.Bc3 Qc7 17.Qa4+ Bd7 18.Qxc4 O-O-O 19.Rxf7 Rhf8 20.
Rdxd7 Rxd7 21.Rxf8+ 1-0

[Event "55th World U20 ch"]
[Site "Bhubaneswar IND"]
[Date "2016.08.09"]
[Round "2.32"]
[White "Evangelista, Paul Robert"]
[Black "Arjun, Kalyan"]
[Result "1-0"]
[WhiteElo "2020"]
[BlackElo "2292"]
[EventDate "2016.08.08"]
[PlyCount "61"]

1.e4 e5 2.Bc4 Nf6 3.d3 c6 4.Nf3 d5 5.Bb3 Bd6 6.Nc3 d4 7.Ne2 h6 8.Ng3 Qe7 
9.Nh4 g6 10.O-O Nfd7 11.Qg4 Nb6 12.Ngf5 gxf5 13.Qg7 Rf8 14.Bxh6 Qxh4 15.
Bg5 Qh8 16.Bxf7+ Kd7 17.Qg6 Be7 18.Qe6+ Kc7 19.Qxe7+ N8d7 20.f4 Rxf7 21.
Qxf7 Qf8 22.Qh7 fxe4 23.fxe5 Qe8 24.e6 Qxe6 25.Bf4+ Kd8 26.Qh8+ Ke7 27.
Rae1 e3 28.Bg5+ Kd6 29.Qxd4+ Kc7 30.Bf4+ Kd8 31.Qh8+ 1-0

[Event "55th World U20 ch"]
[Site "Bhubaneswar IND"]
[Date "2016.08.09"]
[Round "2.33"]
[White "Krishna Teja, N."]
[Black "Tahay, Alexis"]
[Result "1-0"]
[WhiteElo "2282"]
[BlackElo "2098"]
[EventDate "2016.08.08"]
[PlyCount "95"]

1.d4 Nf6 2.c4 c5 3.d5 b5 4.Nf3 g6 5.cxb5 a6 6.b6 d6 7.Nc3 Bg7 8.e4 O-O 9.
Qb3 Bb7 10.Nd2 Nbd7 11.Na4 e6 12.dxe6 fxe6 13.Qxe6+ Kh8 14.Qxd6 Bxe4 15.
Nc3 Bb7 16.Nc4 Ng4 17.Be2 Nge5 18.O-O Nxc4 19.Bxc4 Be5 20.Qd3 Nxb6 21.Qxd8
Raxd8 22.Bb3 c4 23.Bc2 Nd5 24.Nxd5 Bxd5 25.Rb1 c3 26.b3 Bc6 27.Be3 Bd4 28.
Rfd1 Bxe3 29.fxe3 Bb5 30.Rd4 Rfe8 31.a4 Rxd4 32.exd4 Bc6 33.Kf2 Bxg2 34.
Re1 Rxe1 35.Kxe1 a5 36.Ke2 Kg7 37.Kd3 Kf6 38.Kxc3 Bd5 39.b4 Ke7 40.bxa5 
Kd6 41.Kb4 Kc6 42.Bd3 Bf3 43.Bc4 g5 44.a6 g4 45.d5+ Kb6 46.a5+ Kc7 47.Kc5 
h5 48.d6+ 1-0

[Event "55th World U20 ch"]
[Site "Bhubaneswar IND"]
[Date "2016.08.09"]
[Round "2.34"]
[White "Rahul Srivatshav, P."]
[Black "Palucha, Szymon"]
[Result "1/2-1/2"]
[WhiteElo "2280"]
[BlackElo "1932"]
[EventDate "2016.08.08"]
[PlyCount "89"]

1.d4 Nf6 2.c4 g6 3.Nc3 d5 4.cxd5 Nxd5 5.e4 Nxc3 6.bxc3 Bg7 7.Nf3 O-O 8.Be3
c5 9.Rc1 Qa5 10.Qd2 Rd8 11.d5 Bg4 12.Be2 Nc6 13.O-O Bxf3 14.gxf3 e6 15.Qb2
exd5 16.exd5 Ne5 17.Rfd1 Rac8 18.f4 Nd7 19.f5 Nb6 20.Bg5 Rd6 21.Bf3 gxf5 
22.Bf4 Rg6+ 23.Kh1 Qa4 24.Bg3 f4 25.Bh4 Qd7 26.Be4 Rg4 27.Rg1 Rxh4 28.c4 
f6 29.Qxf6 Rg4 30.Bf5 Bxf6 31.Rxg4+ Qg7 32.Be6+ Kf8 33.Rxg7 Bxg7 34.Bxc8 
Nxc8 35.Kg2 Nd6 36.Kf3 Be5 37.a4 Kf7 38.a5 a6 39.Ke2 Bb2 40.Rg1 Nxc4 41.
Rb1 Kf6 42.Kd3 Ne5+ 43.Ke4 Nc4 44.Kd3 Ne5+ 45.Ke4 1/2-1/2

[Event "55th World U20 ch"]
[Site "Bhubaneswar IND"]
[Date "2016.08.09"]
[Round "2.35"]
[White "Avik, Sarker"]
[Black "Dhulipalla, Bala Chandra Prasad"]
[Result "0-1"]
[WhiteElo "2000"]
[BlackElo "2276"]
[EventDate "2016.08.08"]
[PlyCount "104"]

1.d4 Nf6 2.c4 g6 3.Nc3 d5 4.Nf3 Bg7 5.cxd5 Nxd5 6.e4 Nxc3 7.bxc3 c5 8.Be3 
Qa5 9.Qd2 Nc6 10.Rc1 cxd4 11.cxd4 Qxd2+ 12.Kxd2 O-O 13.Bb5 f5 14.exf5 Bxf5
15.Bxc6 bxc6 16.Rxc6 Rab8 17.Bf4 Rb2+ 18.Ke3 Rxa2 19.Rhc1 Bg4 20.Bg5 Rb8 
21.R1c2 Rxc2 22.Rxc2 h6 23.Bf4 Rb3+ 24.Ke2 g5 25.Be3 Rb7 26.h3 Bf5 27.Ra2 
Bd7 28.Kd2 Bc6 29.d5 Rd7 30.Rxa7 Rxd5+ 31.Ke1 Kf7 32.Rc7 Rd6 33.Kf1 Bf6 
34.Kg1 Rd1+ 35.Kh2 Bxf3 36.Rc1 Be5+ 37.g3 Rxc1 38.Bxc1 Kf6 39.Be3 Kf5 40.
Kg1 h5 41.Kf1 g4 42.hxg4+ hxg4 43.Bc5 e6 44.Bb6 Ke4 45.Ba5 Kd3 46.Bb6 Bd4 
47.Ba5 e5 48.Bc7 e4 49.Ba5 Kc2 50.Bb4 Kd1 51.Ba5 Be2+ 52.Kg2 Bc4 0-1

[Event "55th World U20 ch"]
[Site "Bhubaneswar IND"]
[Date "2016.08.09"]
[Round "2.36"]
[White "Ivic, Velimir"]
[Black "Hsu Chuan Chia"]
[Result "1-0"]
[WhiteElo "2270"]
[BlackElo "1777"]
[EventDate "2016.08.08"]
[PlyCount "67"]

1.e4 g6 2.Nc3 Bg7 3.f4 c6 4.Nf3 d5 5.d3 Bg4 6.h3 Bxf3 7.Qxf3 e6 8.g3 Ne7 
9.Bg2 Qb6 10.Nd1 Nd7 11.Be3 Qa5+ 12.c3 O-O 13.O-O f5 14.e5 c5 15.Qe2 Rab8 
16.Bd2 Qc7 17.Ne3 b5 18.a4 a6 19.axb5 axb5 20.Ra6 Rb6 21.Rfa1 Rfb8 22.Ra7 
R6b7 23.Rxb7 Rxb7 24.c4 bxc4 25.dxc4 Rxb2 26.cxd5 exd5 27.Nxd5 Nxd5 28.
Bxd5+ Kh8 29.Qd3 h5 30.Ra8+ Kh7 31.Bg8+ Kh6 32.g4 Bxe5 33.fxe5+ Rxd2 34.
Qxd2+ 1-0

[Event "55th World U20 ch"]
[Site "Bhubaneswar IND"]
[Date "2016.08.09"]
[Round "2.37"]
[White "Subramaniam, Shreyes"]
[Black "Yogit, S."]
[Result "1-0"]
[WhiteElo "1863"]
[BlackElo "2270"]
[EventDate "2016.08.08"]
[PlyCount "49"]

1.e4 e5 2.Nf3 Nc6 3.Bc4 Bc5 4.c3 Nf6 5.d3 a6 6.Bb3 O-O 7.O-O Ba7 8.Bg5 d6 
9.h3 h6 10.Bh4 Ne7 11.Bxf6 gxf6 12.Nh4 Kh7 13.Nd2 Ng6 14.Qh5 Nf4 15.Qf3 
Rg8 16.Kh2 f5 17.g3 Nxh3 18.Bxf7 Rg7 19.exf5 Rxf7 20.Kxh3 Qg5 21.Ne4 Bxf5+
22.g4 Bxe4 23.Qxf7+ Kh8 24.dxe4 Rg8 25.f3 1-0

[Event "55th World U20 ch"]
[Site "Bhubaneswar IND"]
[Date "2016.08.09"]
[Round "2.38"]
[White "Sammed Jaykumar, Shete"]
[Black "Skettos, Nicolas"]
[Result "1-0"]
[WhiteElo "2253"]
[BlackElo "1561"]
[EventDate "2016.08.08"]
[PlyCount "51"]

1.Nf3 c5 2.g3 Nf6 3.Bg2 e6 4.O-O Nc6 5.d3 d5 6.Nbd2 Be7 7.e4 O-O 8.Re1 Qc7
9.c3 dxe4 10.dxe4 b6 11.e5 Nd5 12.a3 Qd7 13.Qc2 Ba6 14.Ne4 f5 15.exf6 Nxf6
16.Rd1 Qc7 17.Nfg5 Nxe4 18.Qxe4 Bxg5 19.Bxg5 Bb7 20.Qxe6+ Kh8 21.Rd7 Qc8 
22.Rad1 Na5 23.Qe7 Rg8 24.Bxb7 Nxb7 25.Rxb7 Qg4 26.Re1 1-0

[Event "55th World U20 ch"]
[Site "Bhubaneswar IND"]
[Date "2016.08.09"]
[Round "2.39"]
[White "Weerasinghe, C. C."]
[Black "Salles, Louis"]
[Result "1/2-1/2"]
[WhiteElo "1785"]
[BlackElo "2235"]
[EventDate "2016.08.08"]
[PlyCount "99"]

1.d4 Nf6 2.c4 c6 3.Nc3 d5 4.Nf3 e6 5.Bg5 h6 6.Bxf6 Qxf6 7.e3 Nd7 8.Rc1 g6 
9.Be2 Bg7 10.cxd5 exd5 11.O-O O-O 12.b4 a6 13.a4 b5 14.Nd2 Qd6 15.Qb3 Nb6 
16.Rfd1 Be6 17.Bf3 f5 18.Ne2 Nxa4 19.Nf4 Bf7 20.Nd3 Rfc8 21.Qc2 a5 22.bxa5
Rxa5 23.Nb3 Ra7 24.Ra1 Rca8 25.Rdc1 Be8 26.g3 Bf6 27.Kg2 Kg7 28.Qd2 Nb6 
29.Ndc5 Nc4 30.Qb4 Be7 31.Rxa7 Rxa7 32.Ra1 Rxa1 33.Nxa1 Kf7 34.Qe1 Qb8 35.
Nab3 Qa7 36.g4 Bd7 37.Qe2 Nd6 38.Nxd7 Qxd7 39.Nc5 Qc8 40.Nd3 Bf6 41.h3 Qa8
42.Qc2 Kg7 43.Qc5 fxg4 44.hxg4 Nc8 45.Nf4 Ne7 46.Qd6 Kf7 47.Qe6+ Kg7 48.
Qd6 Kf7 49.Qe6+ Kg7 50.Qd6 1/2-1/2

[Event "55th World U20 ch"]
[Site "Bhubaneswar IND"]
[Date "2016.08.10"]
[Round "3.1"]
[White "Artemiev, Vladislav"]
[Black "Tran Tuan Minh"]
[Result "1-0"]
[WhiteElo "2665"]
[BlackElo "2473"]
[EventDate "2016.08.08"]
[PlyCount "131"]

1.d4 Nf6 2.c4 e6 3.Nc3 Bb4 4.Qb3 a5 5.a3 Bxc3+ 6.Qxc3 b6 7.Bg5 Bb7 8.f3 h6
9.Bh4 Qe7 10.e4 d6 11.Qc2 Nbd7 12.Ne2 O-O 13.O-O-O Rfc8 14.Nc3 c6 15.g4 e5
16.d5 cxd5 17.cxd5 Nf8 18.Kb1 Ng6 19.Bf2 Nd7 20.h4 Nc5 21.Bb5 Ba6 22.Bxa6 
Rxa6 23.Qe2 Raa8 24.Qb5 Qd8 25.h5 Nf8 26.Bh4 f6 27.Rh2 a4 28.Rc2 Ra5 29.
Qe2 Nb3 30.Bf2 Nd7 31.Na2 Rac5 32.Bxc5 bxc5 33.Nc3 Ra8 34.Nb5 Qb8 35.Qc4 
Nb6 36.Qf1 Ra5 37.Rg2 Nd7 38.Nc3 Nd4 39.Rd3 Ra7 40.Nd1 Qb5 41.Ne3 Rb7 42.
Nf5 Qa6 43.Rd1 Qb6 44.Qc4 Nxf3 45.Qxa4 Ra7 46.Qc2 Nd4 47.Qd3 Kh8 48.Ka2 
Ra4 49.Rc1 Qb8 50.Rc4 Ra7 51.Rc3 Rb7 52.Qa6 Rb6 53.Qa4 Qb7 54.Qc4 Qb8 55.
Rf2 Rb5 56.Qd3 Qb6 57.Rc4 Ra5 58.Rc1 Rb5 59.Rc3 Ra5 60.Qh3 Ra8 61.g5 fxg5 
62.Nxg7 Nf8 63.Nf5 Nb5 64.Rc4 Kh7 65.Ne7 Nxa3 66.Qf5+ 1-0

[Event "55th World U20 ch"]
[Site "Bhubaneswar IND"]
[Date "2016.08.10"]
[Round "3.2"]
[White "Beradze, Irakli"]
[Black "Xiong, Jeffery"]
[Result "1/2-1/2"]
[WhiteElo "2440"]
[BlackElo "2633"]
[EventDate "2016.08.08"]
[PlyCount "74"]

1.e4 c5 2.Nf3 d6 3.Bb5+ Bd7 4.Bxd7+ Qxd7 5.O-O Nc6 6.c3 Nf6 7.d4 Nxe4 8.d5
Ne5 9.Re1 Nf6 10.Nxe5 dxe5 11.Rxe5 e6 12.c4 O-O-O 13.Nc3 Bd6 14.Re1 exd5 
15.cxd5 Qf5 16.Qf3 Qxf3 17.gxf3 h6 18.Be3 b6 19.a4 Bb8 20.Red1 Rd7 21.a5 
Rhd8 22.axb6 axb6 23.Na4 Bc7 24.b4 Nxd5 25.bxc5 b5 26.c6 Rd6 27.Rxd5 Rxd5 
28.Nc3 Rf5 29.Ra8+ Bb8 30.Bb6 Re8 31.Ne4 Re6 32.Ba7 Rxc6 33.Rxb8+ Kc7 34.
Re8 Rxf3 35.Re7+ Kd8 36.Rb7 Rf4 37.Nc5 Rf5 1/2-1/2

[Event "55th World U20 ch"]
[Site "Bhubaneswar IND"]
[Date "2016.08.10"]
[Round "3.3"]
[White "Alexeenko, Kiril"]
[Black "Visakh, N. R."]
[Result "1/2-1/2"]
[WhiteElo "2582"]
[BlackElo "2431"]
[EventDate "2016.08.08"]
[PlyCount "194"]

1.e4 e5 2.Nf3 Nf6 3.Nxe5 d6 4.Nf3 Nxe4 5.Nc3 Nxc3 6.dxc3 Be7 7.Be3 Nc6 8.
Bd3 Be6 9.Qe2 Bf6 10.O-O-O Qd7 11.Kb1 O-O-O 12.Bb5 Kb8 13.Rhe1 Rde8 14.Nd4
Bxd4 15.cxd4 d5 16.Qd2 a6 17.Bf1 Bf5 18.f3 h5 19.h4 f6 20.b3 Re7 21.Bf4 
Rhe8 22.Rxe7 Nxe7 23.Kb2 Bh7 24.Re1 Ng6 25.Rxe8+ Qxe8 26.Bg3 Ne7 27.Qb4 
Nc6 28.Qb6 Ne5 29.Qc5 Nc6 30.Bf4 Qd7 31.a4 Nd8 32.Be3 Qc6 33.Qxc6 Nxc6 34.
Kc3 Kc8 35.g4 hxg4 36.fxg4 Be4 37.Bh3 Kd8 38.g5 a5 39.gxf6 gxf6 40.h5 Nb4 
41.Bc1 Nxc2 42.h6 Bh7 43.Be6 c6 44.Bf4 Ke7 45.Bc8 b5 46.Bc7 b4+ 47.Kb2 
Nxd4 48.Bb7 Kd7 49.Bxa5 Nf5 50.Bb6 Nxh6 51.a5 Bd3 52.a6 Bxa6 53.Bxa6 Kd6 
54.Bd8 Ng8 55.Kc2 c5 56.Bb7 c4 57.Bb6 Ne7 58.Ba6 Kc6 59.Bf2 cxb3+ 60.Kxb3 
Kd6 61.Kxb4 Nc6+ 62.Kc3 Ke5 63.Bb5 Ne7 64.Bg3+ Ke6 65.Ba6 Kf7 66.Bf4 Kg7 
67.Kd4 Ng6 68.Bd6 Nh8 69.Kxd5 Nf7 70.Bf4 Ng5 71.Bd3 Nh7 72.Ke6 Ng5+ 73.Kf5
Nh7 74.Bd2 Ng5 75.Bc4 Nh7 76.Bc3 Kh6 77.Ke6 Kg7 78.Ke7 Kg6 79.Bd3+ Kg7 80.
Bb2 Kg8 81.Bb5 Kg7 82.Be8 Kg8 83.Ke6 Kg7 84.Kf5 Kh6 85.Kg4 Kg7 86.Kh5 Ng5 
87.Bc6 Nh7 88.Bd5 Ng5 89.Bc1 Nf7 90.Kg4 Ng5 91.Kf5 Nh7 92.Ba3 Ng5 93.Be7 
Nh7 94.Ke6 Ng5+ 95.Kd7 Nh7 96.Ke8 Kg6 97.Bc4 Kg7 1/2-1/2